Emirates of the UAE Quiz Stats

 Plays Quiz Updated Sep 10, 2019

Score 0/7 Timer 04:00
7 Plays Today
% Correct
Dubai
95.5%
Abu Dhabi
78%
Sharjah
33.7%
Ajman
22.5%
Fujairah
20.4%
Ras al-Khaimah
20%
Umm al-Quwain
17.5%

You're not logged in!

Compare scores with friends on all Sporcle quizzes.
OR
Log In

Sporcle TV

Today on Sporcle TV


Watch our educational content, quiz creation guides, and fun videos on Sporcle TV.

Show Comments

Extras

Top Quizzes Today


Score Distribution

Your Account Isn't Verified!

In order to create a playlist on Sporcle, you need to verify the email address you used during registration. Go to your Sporcle Settings to finish the process.

Report this User

Report this user for behavior that violates our Community Guidelines.

Details: